000 00730nas a2200241 4500
001 BR5900201
003 BR-BrBNA
005 20231205082021.0
007 ta
008 230509b bl.|||p| |||| 00| 00por d
040 _aBR-BrBNA
_bpor
_cBiblioteca Nacional de Agricultura
041 _a(Pt)
072 _aH20
100 1 _aLuz, N.K.
245 1 _aObservacoes sobre o comportamento de Spongospora subterranea no Rio Grande do Sul [fungo, Brasil]
650 _aFUNGO
650 _aSARNA DE PLANTA
650 _aBATATA
650 _aRIO GRANDE DO SUL
773 0 _tAgronomia Sulriograndense (Brazil)
_xISSN 0400-8111
_g(1959), v. 4(1) p. 85-86
_wBR5900201
909 _a202311
_bLúcia
_c55
_dLúcia Elande
942 _2AGRIS
_n0
_cANA
999 _c88583
_d88583